[Event "Mitropa Cup 25th"]
[Site "Brno"]
[Date "2006.09.07"]
[Round "1.1"]
[White "Sebenik, Matej"]
[Black "Wirthensohn, Heinz"]
[Result "1-0"]
[WhiteElo "2400"]
[BlackElo "2397"]
[PlyCount "65"]
[EventDate "2006.09.07"]
[EventType "team-tourn"]
[EventRounds "9"]
[EventCountry "CZE"]
[Source "ChessBase"]
[SourceDate "2006.11.03"]
[WhiteTeam "Slovenia"]
[BlackTeam "Switzerland"]
[WhiteTeamCountry "SLO"]
[BlackTeamCountry "SUI"]

1. d4 d5 2. Nf3 Nf6 3. c4 c6 4. Nc3 dxc4 5. a4 e6 6. e4 Bb4 7. e5 Nd5 8. Bd2 b5
9. axb5 Bxc3 10. bxc3 cxb5 11. Ng5 Bb7 12. Qh5 Qe7 13. Be2 Nd7 14. Bf3 h6 15.
Ne4 O-O 16. h4 f6 17. Nd6 fxe5 18. dxe5 Rf5 19. Nxf5 exf5 20. O-O Qxe5 21. Rfe1
Qf6 22. Re8+ Nf8 23. Rxa8 Bxa8 24. Rxa7 Bc6 25. Be3 Ne6 26. Bxd5 Bxd5 27. Qe8+
Kh7 28. Qxb5 Qe5 29. Rd7 Nc7 30. Qb6 Ne8 31. Qxh6+ Kg8 32. Qg5 Bf7 33. Bd4 1-0

[Event "Mitropa Cup 25th"]
[Site "Brno"]
[Date "2006.09.08"]
[Round "2.2"]
[White "Bernasek, Jan"]
[Black "Brkic, Ante"]
[Result "0-1"]
[WhiteElo "2459"]
[BlackElo "2547"]
[PlyCount "60"]
[EventDate "2006.09.07"]
[EventType "team-tourn"]
[EventRounds "9"]
[EventCountry "CZE"]
[Source "ChessBase"]
[SourceDate "2006.11.03"]
[WhiteTeam "Czech Republic II"]
[BlackTeam "Croatia"]
[WhiteTeamCountry "CZE"]
[BlackTeamCountry "CRO"]

1. d4 Nf6 2. c4 g6 3. Nc3 d5 4. Bf4 Bg7 5. e3 c5 6. dxc5 Qa5 7. Rc1 dxc4 8.
Bxc4 O-O 9. Nge2 Qxc5 10. Qb3 Nc6 11. Nb5 Qh5 12. Nc7 Rb8 13. Bxf7+ Rxf7 14.
Rxc6 Qa5+ 15. Rc3 Ne4 16. Nd5 Be6 17. Bxb8 Bxd5 18. Qc2 Rxf2 19. Qd3 Bxc3+ 20.
Nxc3 Rd2 21. Qxd2 Nxd2 22. Kxd2 Bxg2 23. Rg1 Qd8+ 24. Ke2 Qxb8 25. Rxg2 Qe5 26.
Rf2 b5 27. a3 a5 28. Kf3 b4 29. axb4 axb4 30. Ne2 Qxb2 0-1

[Event "Mitropa Cup 25th"]
[Site "Brno"]
[Date "2006.09.08"]
[Round "2.2"]
[White "Klima, Lukas"]
[Black "Saric, Ivan"]
[Result "1/2-1/2"]
[WhiteElo "2443"]
[BlackElo "2394"]
[PlyCount "47"]
[EventDate "2006.09.07"]
[EventType "team-tourn"]
[EventRounds "9"]
[EventCountry "CZE"]
[Source "ChessBase"]
[SourceDate "2006.11.03"]
[WhiteTeam "Czech Republic II"]
[BlackTeam "Croatia"]
[WhiteTeamCountry "CZE"]
[BlackTeamCountry "CRO"]

1. d4 Nf6 2. Nf3 g6 3. g3 Bg7 4. Bg2 O-O 5. c4 d6 6. Nc3 Nbd7 7. O-O e5 8. e4
a6 9. h3 b5 10. cxb5 axb5 11. dxe5 dxe5 12. Re1 c6 13. Qc2 Qe7 14. Be3 Bb7 15.
b3 Rfc8 16. a4 Nc5 17. axb5 Rxa1 18. Rxa1 cxb5 19. Ra7 Ncxe4 20. Nd5 Nxd5 21.
Qxe4 Nxe3 22. Rxb7 f5 23. Rxe7 fxe4 24. fxe3 1/2-1/2

[Event "Mitropa Cup 25th"]
[Site "Brno"]
[Date "2006.09.08"]
[Round "2.2"]
[White "Saric, Ante"]
[Black "Kanovsky, David"]
[Result "1-0"]
[WhiteElo "2475"]
[BlackElo "2368"]
[PlyCount "63"]
[EventDate "2006.09.07"]
[EventType "team-tourn"]
[EventRounds "9"]
[EventCountry "CZE"]
[Source "ChessBase"]
[SourceDate "2006.11.03"]
[WhiteTeam "Croatia"]
[BlackTeam "Czech Republic II"]
[WhiteTeamCountry "CRO"]
[BlackTeamCountry "CZE"]

1. d4 Nf6 2. c4 e6 3. Nc3 c5 4. d5 exd5 5. cxd5 d6 6. e4 g6 7. f4 Bg7 8. e5
Nfd7 9. Ne4 dxe5 10. Nd6+ Ke7 11. Nxc8+ Qxc8 12. Nf3 Re8 13. fxe5 Nxe5 14. Bb5
Nbd7 15. O-O Kf8 16. Nxe5 Rxe5 17. Bf4 c4 18. Qd4 Rh5 19. Qxc4 Qxc4 20. Bxc4
Rc8 21. Bb3 Bd4+ 22. Kh1 Be5 23. g4 Rh4 24. d6 Kg7 25. Rae1 f6 26. Bxe5 Nxe5
27. g5 Rf8 28. Rd1 Nc6 29. d7 Nd8 30. Rde1 Nc6 31. gxf6+ Rxf6 32. Rxf6 1-0

[Event "Mitropa Cup 25th"]
[Site "Brno"]
[Date "2006.09.08"]
[Round "2.1"]
[White "Cech, Pavel"]
[Black "Moor, Olivier"]
[Result "1/2-1/2"]
[WhiteElo "2417"]
[BlackElo "2388"]
[PlyCount "87"]
[EventDate "2006.09.07"]
[EventType "team-tourn"]
[EventRounds "9"]
[EventCountry "CZE"]
[Source "ChessBase"]
[SourceDate "2006.11.03"]
[WhiteTeam "Czech Republic"]
[BlackTeam "Switzerland"]
[WhiteTeamCountry "CZE"]
[BlackTeamCountry "SUI"]

1. d4 d5 2. c4 c6 3. Nf3 Nf6 4. Nc3 a6 5. c5 Nbd7 6. Bf4 Nh5 7. e3 g6 8. Bd3
Bg7 9. O-O O-O 10. Bg5 Re8 11. Nd2 Bf6 12. Bxf6 Ndxf6 13. f4 Bg4 14. Qc2 Qc8
15. b4 Bf5 16. a4 Ng7 17. Rfe1 h6 18. Nf3 Rd8 19. h3 h5 20. b5 axb5 21. axb5
Qe6 22. Ng5 Bxd3 23. Qxd3 Qf5 24. Qxf5 Nxf5 25. Kf2 h4 26. Ke2 Nd7 27. Kd3 Rdc8
28. Nf3 f6 29. e4 dxe4+ 30. Nxe4 Kf7 31. Nc3 Rd8 32. Rxa8 Rxa8 33. Rb1 Rd8 34.
Ke4 Ng7 35. Ke3 Nf5+ 36. Ke4 Nf8 37. Ra1 Ne6 38. Ra4 Kf8 39. b6 Kf7 40. Ne2 Rd5
41. Ra7 Rd7 42. Ra8 Kg7 43. Ra7 Kf7 44. Ra8 1/2-1/2

[Event "Mitropa Cup 25th"]
[Site "Brno"]
[Date "2006.09.08"]
[Round "2.1"]
[White "Polak, Tomas"]
[Black "Ekstroem, Roland"]
[Result "1/2-1/2"]
[WhiteElo "2473"]
[BlackElo "2461"]
[PlyCount "60"]
[EventDate "2006.09.07"]
[EventType "team-tourn"]
[EventRounds "9"]
[EventCountry "CZE"]
[Source "ChessBase"]
[SourceDate "2006.11.03"]
[WhiteTeam "Czech Republic"]
[BlackTeam "Switzerland"]
[WhiteTeamCountry "CZE"]
[BlackTeamCountry "SUI"]

1. d4 e6 2. c4 Nf6 3. Nf3 d5 4. Nc3 c5 5. cxd5 Nxd5 6. e4 Nxc3 7. bxc3 cxd4 8.
cxd4 Bb4+ 9. Bd2 Bxd2+ 10. Qxd2 O-O 11. Bc4 Nd7 12. O-O b6 13. Rad1 Bb7 14.
Rfe1 Rc8 15. Bd3 Qe7 16. Qf4 Rc3 17. h3 Rfc8 18. d5 e5 19. Qg4 Rd8 20. Nh4 Nc5
21. Re3 Bc8 22. Qg3 Bd7 23. Kh2 f6 24. Bb1 Rxe3 25. Qxe3 Nb7 26. Nf3 Qc5 27.
Qxc5 Nxc5 28. Rc1 Kf7 29. Nd2 Ke7 30. g3 g5 1/2-1/2

[Event "Mitropa Cup 25th"]
[Site "Brno"]
[Date "2006.09.08"]
[Round "2.1"]
[White "Wirthensohn, Heinz"]
[Black "Blatny, Pavel"]
[Result "1/2-1/2"]
[WhiteElo "2397"]
[BlackElo "2449"]
[PlyCount "49"]
[EventDate "2006.09.07"]
[EventType "team-tourn"]
[EventRounds "9"]
[EventCountry "CZE"]
[Source "ChessBase"]
[SourceDate "2006.11.03"]
[WhiteTeam "Switzerland"]
[BlackTeam "Czech Republic"]
[WhiteTeamCountry "SUI"]
[BlackTeamCountry "CZE"]

1. Nf3 b6 2. d4 Bb7 3. Bg5 h6 4. Bf4 d6 5. Nc3 g5 6. Bg3 e6 7. e4 Bg7 8. h4 g4
9. Ng1 h5 10. Nge2 Nd7 11. Qd2 Ne7 12. Bf4 a6 13. O-O-O b5 14. f3 Nb6 15. Ng3
gxf3 16. gxf3 Qd7 17. Kb1 Ng6 18. Bg5 b4 19. Nce2 a5 20. Nf4 Nxf4 21. Bxf4 Na4
22. Rg1 Bf6 23. Bg5 Bg7 24. Be3 Bf6 25. Bg5 1/2-1/2

[Event "Mitropa Cup 25th"]
[Site "Brno"]
[Date "2006.09.08"]
[Round "2.3"]
[White "Abergel, Thal"]
[Black "Borgo, Giulio"]
[Result "0-1"]
[WhiteElo "2477"]
[BlackElo "2414"]
[PlyCount "98"]
[EventDate "2006.09.07"]
[EventType "team-tourn"]
[EventRounds "9"]
[EventCountry "CZE"]
[Source "ChessBase"]
[SourceDate "2006.11.03"]
[WhiteTeam "France"]
[BlackTeam "Italy"]
[WhiteTeamCountry "FRA"]
[BlackTeamCountry "ITA"]

1. e4 c5 2. Nf3 e6 3. Nc3 a6 4. d4 cxd4 5. Nxd4 Nc6 6. Nxc6 bxc6 7. Bd3 d5 8.
O-O Nf6 9. Re1 Bb7 10. Bf4 Be7 11. Qf3 O-O 12. e5 Nd7 13. Re3 g6 14. Na4 c5 15.
Ree1 Bc6 16. b3 Bxa4 17. bxa4 c4 18. Bf1 Qa5 19. Bh6 Rfb8 20. Rad1 Bb4 21. Re2
Qxa4 22. Rd4 Bf8 23. Bxf8 Nxf8 24. Rf4 Ra7 25. h4 Qxa2 26. Qe3 Rc7 27. c3 Qa3
28. h5 a5 29. h6 a4 30. Qf3 Qe7 31. Ra2 Ra7 32. Qe3 a3 33. Rd4 Rab7 34. Qf4 Rb3
35. Qe3 Nd7 36. Rd1 Qc5 37. Qg3 Rb2 38. Rda1 Rxa2 39. Rxa2 Rb2 40. Ra1 Kf8 41.
Kh2 Qxf2 42. Qxf2 Rxf2 43. Kg1 Rc2 44. Rxa3 Nxe5 45. Ra8+ Ke7 46. Rh8 Ng4 47.
Rxh7 Kf6 48. Rh8 Rxc3 49. Rf8 Nxh6 0-1

[Event "Mitropa Cup 25th"]
[Site "Brno"]
[Date "2006.09.08"]
[Round "2.3"]
[White "Caruana, Fabiano"]
[Black "Le Roux, Jean Pierre"]
[Result "0-1"]
[WhiteElo "2444"]
[BlackElo "2496"]
[PlyCount "116"]
[EventDate "2006.09.07"]
[EventType "team-tourn"]
[EventRounds "9"]
[EventCountry "CZE"]
[Source "ChessBase"]
[SourceDate "2006.11.03"]
[WhiteTeam "Italy"]
[BlackTeam "France"]
[WhiteTeamCountry "ITA"]
[BlackTeamCountry "FRA"]

1. e4 e5 2. Bc4 Nf6 3. d3 Bc5 4. Nf3 d6 5. O-O Nc6 6. c3 Bb6 7. h3 h6 8. Be3 g5
9. Nh2 Ne7 10. a4 c6 11. Bxb6 axb6 12. Nd2 Ng6 13. d4 h5 14. dxe5 Nxe5 15. f4
gxf4 16. Rxf4 Qe7 17. Qf1 Rh6 18. b3 Bd7 19. Kh1 h4 20. Be2 c5 21. Qf2 O-O-O
22. Rxh4 Rg6 23. Nhf1 Bc6 24. Ne3 d5 25. a5 bxa5 26. Rxa5 b6 27. Ra6 Kb7 28.
Qe1 Qc7 29. Qa1 Kb8 30. Rf4 dxe4 31. Qa2 Bb7 32. Rf1 Bxa6 33. Bxa6 Nd3 34. Bc4
Qa7 35. Qc2 Rg3 36. Nf5 Rg5 37. Ne3 Rd6 38. Rxf6 Rxf6 39. Nxe4 Qa1+ 40. Nd1
Rf1+ 41. Kh2 Rxd1 42. Nxg5 Rh1+ 43. Kg3 Qe1+ 44. Kg4 f5+ 45. Kxf5 Rf1+ 46. Nf3
Qe5+ 47. Kg6 Rf2 48. Bxd3 Qe6+ 49. Kh5 Rxc2 50. Bxc2 Qe2 51. Bf5 Qxg2 52. Ng5
Qb2 53. Be6 Qxc3 54. h4 Qd4 55. Bc4 Kb7 56. Nf3 Qf6 57. Kg4 Kc6 58. Ng5 Qd4+
0-1

[Event "Mitropa Cup 25th"]
[Site "Brno"]
[Date "2006.09.08"]
[Round "2.3"]
[White "Manca, Federico"]
[Black "Gozzoli, Yannick"]
[Result "1-0"]
[WhiteElo "2425"]
[BlackElo "2470"]
[PlyCount "75"]
[EventDate "2006.09.07"]
[EventType "team-tourn"]
[EventRounds "9"]
[EventCountry "CZE"]
[Source "ChessBase"]
[SourceDate "2006.11.03"]
[WhiteTeam "Italy"]
[BlackTeam "France"]
[WhiteTeamCountry "ITA"]
[BlackTeamCountry "FRA"]

1. e4 e6 2. d4 d5 3. Nc3 Bb4 4. e5 c5 5. a3 Ba5 6. b4 cxd4 7. Nb5 Bc7 8. Nf3
Nc6 9. Nxc7+ Qxc7 10. Bf4 Nge7 11. Bd3 Ng6 12. Bg3 O-O 13. O-O Ngxe5 14. b5
Nxf3+ 15. Qxf3 Ne5 16. Qf4 f6 17. Qxd4 Bd7 18. Rae1 Qb6 19. Bxe5 fxe5 20. Qxe5
Rf6 21. a4 Raf8 22. Re3 Qa5 23. Rh3 h6 24. Rh4 Qb6 25. Rg4 g5 26. h4 Rf5 27.
Bxf5 Rxf5 28. Qg3 e5 29. hxg5 h5 30. Rh4 Qg6 31. f4 e4 32. Qe3 Qb6 33. Qxb6
axb6 34. Rxh5 d4 35. g4 Rc5 36. f5 Rxc2 37. f6 Be8 38. g6 1-0

[Event "Mitropa Cup 25th"]
[Site "Brno"]
[Date "2006.09.08"]
[Round "2.5"]
[White "Bogner, Sebastian"]
[Black "Skoberne, Jure"]
[Result "1-0"]
[WhiteElo "2318"]
[BlackElo "2407"]
[PlyCount "125"]
[EventDate "2006.09.07"]
[EventType "team-tourn"]
[EventRounds "9"]
[EventCountry "CZE"]
[Source "ChessBase"]
[SourceDate "2006.11.03"]
[WhiteTeam "Germany"]
[BlackTeam "Slovenia"]
[WhiteTeamCountry "GER"]
[BlackTeamCountry "SLO"]

1. Nf3 Nf6 2. c4 g6 3. Nc3 Bg7 4. e4 d6 5. d4 O-O 6. Be2 Na6 7. O-O e5 8. Be3
Ng4 9. Bg5 Qe8 10. Re1 c6 11. d5 h6 12. Bc1 c5 13. Nh4 Nf6 14. g3 Qe7 15. a3
Nc7 16. b4 b6 17. Rb1 Kh7 18. Bd2 Qd7 19. bxc5 bxc5 20. Rb2 Ng8 21. Qa4 Qxa4
22. Nxa4 f5 23. Bd3 Ne7 24. f3 Bf6 25. Ng2 Kg7 26. Rb3 Rf7 27. Reb1 g5 28. Rb8
Rxb8 29. Rxb8 Na6 30. Rb1 f4 31. Nc3 Ng6 32. Nb5 Rd7 33. Bc2 Be7 34. Nc3 Bf8
35. Ba4 Rf7 36. Be8 Re7 37. Bc6 Rf7 38. g4 Nh8 39. Nb5 Nb8 40. Ba5 Ng6 41. Bc7
Nxc6 42. dxc6 Ba6 43. Nxd6 Bxd6 44. Bxd6 Kf6 45. Rb8 Ke6 46. Rd8 Ne7 47. Bxc5
Nc8 48. Rh8 Rf6 49. Rh7 Bxc4 50. Rc7 Ba6 51. Rh7 Bb5 52. c7 Be8 53. Ne1 a5 54.
Nd3 Bb5 55. Re7+ Nxe7 56. Bxe7 Bd7 57. Bxf6 Kxf6 58. Nc5 Bc8 59. Nb3 a4 60. Nc5
Ke7 61. Nxa4 Kd6 62. Nb6 Kxc7 63. Nxc8 1-0

[Event "Mitropa Cup 25th"]
[Site "Brno"]
[Date "2006.09.08"]
[Round "2.5"]
[White "Borisek, Jure"]
[Black "Braun, Arik"]
[Result "1-0"]
[WhiteElo "2495"]
[BlackElo "2526"]
[PlyCount "113"]
[EventDate "2006.09.07"]
[EventType "team-tourn"]
[EventRounds "9"]
[EventCountry "CZE"]
[Source "ChessBase"]
[SourceDate "2006.11.03"]
[WhiteTeam "Slovenia"]
[BlackTeam "Germany"]
[WhiteTeamCountry "SLO"]
[BlackTeamCountry "GER"]

1. e4 c6 2. d4 d5 3. e5 Bf5 4. Nd2 e6 5. Nb3 Nd7 6. Nf3 Ne7 7. Be2 h6 8. O-O
Bh7 9. Bd2 Nf5 10. Ne1 c5 11. dxc5 Nxc5 12. Nxc5 Bxc5 13. Bb5+ Kf8 14. Bd3 Kg8
15. Qg4 Qb6 16. Rb1 Rc8 17. c3 Bg6 18. h4 h5 19. Qf4 Qd8 20. g3 Bb6 21. Rd1 Ne7
22. Be3 Bxd3 23. Nxd3 Rc4 24. Bxb6 Qxb6 25. Qf3 Nf5 26. Nf4 g6 27. b3 Rc7 28.
Rd3 Qa5 29. Rfd1 Kg7 30. c4 d4 31. Ne2 Qxe5 32. Nxd4 Nxd4 33. Rxd4 Re8 34. Rd7
Re7 35. Rd8 a6 36. Kg2 Rc6 37. R1d7 Rc7 38. Rd2 Rc6 39. Re2 Qa1 40. Qf4 e5 41.
Qe4 Rf6 42. Red2 Qc3 43. Re2 Rf5 44. Rd5 Qc1 45. Qd3 Re6 46. Rd8 Qa3 47. Qd7
Qe7 48. Qc8 Rc6 49. Rd7 Qf6 50. Qxb7 Re6 51. Qe4 g5 52. hxg5 Qxg5 53. Rd5 Qg6
54. c5 a5 55. Rd6 h4 56. Rxe6 Qxe6 57. Qg4+ 1-0

[Event "Mitropa Cup 25th"]
[Site "Brno"]
[Date "2006.09.08"]
[Round "2.5"]
[White "Sebenik, Matej"]
[Black "Brener, Ilja"]
[Result "0-1"]
[WhiteElo "2400"]
[BlackElo "2327"]
[PlyCount "146"]
[EventDate "2006.09.07"]
[EventType "team-tourn"]
[EventRounds "9"]
[EventCountry "CZE"]
[Source "ChessBase"]
[SourceDate "2006.11.03"]
[WhiteTeam "Slovenia"]
[BlackTeam "Germany"]
[WhiteTeamCountry "SLO"]
[BlackTeamCountry "GER"]

1. d4 Nf6 2. c4 e6 3. Nf3 b6 4. g3 Ba6 5. Qb3 d5 6. cxd5 Qxd5 7. Qc2 c5 8. Be3
cxd4 9. Bxd4 Nc6 10. Nc3 Nxd4 11. Nxd4 Qxh1 12. Qa4+ Nd7 13. Qxa6 Bb4 14. Qa4
Bxc3+ 15. bxc3 Qb7 16. Rd1 O-O 17. Nxe6 Nc5 18. Nxc5 bxc5 19. Qc4 Rad8 20. Rxd8
Rxd8 21. f3 Qd5 22. Qxd5 Rxd5 23. e4 Rd8 24. Bc4 Kf8 25. h4 Ke7 26. Bd5 f5 27.
Ke2 Kd6 28. Kd3 Rb8 29. Kc4 fxe4 30. Bxe4 h6 31. h5 Rb2 32. a4 a6 33. g4 Ra2
34. Kb3 Ra1 35. Bd3 a5 36. Bb5 Kd5 37. Bc4+ Ke5 38. Bb5 Rb1+ 39. Kc4 Kd6 40.
Ba6 Rb8 41. Kd3 Ke5 42. Bb5 Kd5 43. Bc4+ Kd6 44. Ba6 Rb6 45. Bb5 Kd5 46. f4 Rf6
47. Bc4+ Kd6 48. Ke4 Rf8 49. Bb5 Rb8 50. Kd3 Rb7 51. Ke4 Rb8 52. Kd3 Rd8 53.
Ke4 Ke6 54. Bc4+ Kf6 55. Bd5 Rd7 56. Bc6 Rd1 57. Bb5 Rc1 58. c4 Rd1 59. Ke3 Rd8
60. Ke4 Rd4+ 61. Ke3 g6 62. hxg6 Kxg6 63. Be8+ Kf6 64. Bb5 h5 65. gxh5 Kf5 66.
h6 Rxf4 67. Bc6 Rh4 68. h7 Ke5 69. Bd5 Rxh7 70. Kd3 Rh3+ 71. Kc2 Kd4 72. Kb2
Kd3 73. Be6 Rh8 0-1

[Event "Mitropa Cup 25th"]
[Site "Brno"]
[Date "2006.09.08"]
[Round "2.4"]
[White "Berczes, David"]
[Black "Jurcik, Marian"]
[Result "1/2-1/2"]
[WhiteElo "2461"]
[BlackElo "2328"]
[PlyCount "78"]
[EventDate "2006.09.07"]
[EventType "team-tourn"]
[EventRounds "9"]
[EventCountry "CZE"]
[Source "ChessBase"]
[SourceDate "2006.11.03"]
[WhiteTeam "Hungary"]
[BlackTeam "Slovakia"]
[WhiteTeamCountry "HUN"]
[BlackTeamCountry "SVK"]

1. d4 Nf6 2. c4 e6 3. Nf3 Bb4+ 4. Nbd2 d6 5. a3 Bxd2+ 6. Qxd2 Qe7 7. Qc3 O-O 8.
b4 Nbd7 9. Bb2 Re8 10. e3 e5 11. dxe5 dxe5 12. c5 Ne4 13. Qc2 Ng5 14. Nd2 f6
15. Bc4+ Nf7 16. O-O Nf8 17. f4 Be6 18. fxe5 Nxe5 19. Bxe5 fxe5 20. Rf5 Ng6 21.
Raf1 Kh8 22. Bxe6 Qxe6 23. Qe4 b6 24. h4 Rad8 25. Nf3 h6 26. h5 Nf8 27. Nxe5
Nd7 28. Rf8+ Nxf8 29. Rxf8+ Rxf8 30. Ng6+ Qxg6 31. hxg6 Rf6 32. c6 b5 33. Kh2
Rb8 34. g4 Rbf8 35. Kg3 Rf1 36. Kg2 R1f2+ 37. Kg3 Rf1 38. Qg2 R1f6 39. Qe4 Rf1
1/2-1/2

[Event "Mitropa Cup 25th"]
[Site "Brno"]
[Date "2006.09.08"]
[Round "2.4"]
[White "Papp, Gabor"]
[Black "Meszaros, Michal"]
[Result "1-0"]
[WhiteElo "2481"]
[BlackElo "2420"]
[PlyCount "73"]
[EventDate "2006.09.07"]
[EventType "team-tourn"]
[EventRounds "9"]
[EventCountry "CZE"]
[Source "ChessBase"]
[SourceDate "2006.11.03"]
[WhiteTeam "Hungary"]
[BlackTeam "Slovakia"]
[WhiteTeamCountry "HUN"]
[BlackTeamCountry "SVK"]

1. e4 e5 2. Nf3 Nc6 3. Bb5 a6 4. Ba4 Nf6 5. Qe2 b5 6. Bb3 Be7 7. c3 O-O 8. d4
d6 9. Nbd2 Bg4 10. h3 Bh5 11. d5 Na5 12. Bc2 c5 13. b3 c4 14. b4 Nb7 15. a4 Bg6
16. Nh4 Nh5 17. Nxg6 hxg6 18. g3 Qd7 19. a5 Bg5 20. Nxc4 Bxc1 21. Nb6 Qc7 22.
Rxc1 Qxc3+ 23. Qd2 Qf3 24. O-O Rad8 25. Bd1 Qxe4 26. Re1 Qf5 27. Bg4 Qf6 28.
Rc7 Rb8 29. Nd7 Qd8 30. Nxf8 Kxf8 31. Rec1 f5 32. Bxh5 gxh5 33. Qc2 Qg5 34.
Rc8+ Rxc8 35. Qxc8+ Nd8 36. h4 Qf6 37. Qd7 1-0

[Event "Mitropa Cup 25th"]
[Site "Brno"]
[Date "2006.09.08"]
[Round "2.4"]
[White "Petrik, Tomas"]
[Black "Erdos, Viktor"]
[Result "1-0"]
[WhiteElo "2523"]
[BlackElo "2528"]
[PlyCount "39"]
[EventDate "2006.09.07"]
[EventType "team-tourn"]
[EventRounds "9"]
[EventCountry "CZE"]
[Source "ChessBase"]
[SourceDate "2006.11.03"]
[WhiteTeam "Slovakia"]
[BlackTeam "Hungary"]
[WhiteTeamCountry "SVK"]
[BlackTeamCountry "HUN"]

1. e4 e6 2. d4 d5 3. Nd2 c5 4. Ngf3 cxd4 5. Nxd4 Nf6 6. exd5 Nxd5 7. N2f3 Bb4+
8. Bd2 Bxd2+ 9. Qxd2 O-O 10. Bc4 Nb6 11. Bd3 e5 12. Nxe5 Qe7 13. Qe2 Re8 14. f4
f6 15. Qh5 h6 16. O-O fxe5 17. fxe5 Qd7 18. Qg6 Qxd4+ 19. Kh1 Qxd3 20. Qxe8+
1-0

[Event "Mitropa Cup 25th"]
[Site "Brno"]
[Date "2006.09.08"]
[Round "2.4"]
[White "Repkova, Eva"]
[Black "Banusz, Tamas"]
[Result "0-1"]
[WhiteElo "2351"]
[BlackElo "2480"]
[PlyCount "74"]
[EventDate "2006.09.07"]
[EventType "team-tourn"]
[EventRounds "9"]
[EventCountry "CZE"]
[Source "ChessBase"]
[SourceDate "2006.11.03"]
[WhiteTeam "Slovakia"]
[BlackTeam "Hungary"]
[WhiteTeamCountry "SVK"]
[BlackTeamCountry "HUN"]

1. e4 c5 2. Nf3 Nc6 3. Bb5 g6 4. Bxc6 dxc6 5. h3 Bg7 6. d3 Nf6 7. Nc3 O-O 8.
Be3 b6 9. Qd2 e5 10. Bh6 Qd6 11. h4 Nh5 12. O-O-O Bg4 13. Rdg1 a5 14. Nh2 Be6
15. g4 Nf4 16. Bxg7 Kxg7 17. Nf3 h6 18. Kb1 a4 19. Nd1 b5 20. Ne3 Kh7 21. Rd1
Rfe8 22. Rh2 a3 23. b3 Rad8 24. Qe1 c4 25. dxc4 Qc5 26. Rxd8 Rxd8 27. b4 Qd6
28. c5 Qd7 29. Qc1 Bxg4 30. Nxe5 Qd4 31. Nxc6 Qxe4 32. Nxg4 Qxc6 33. Qxa3 Rd1+
34. Kb2 Qe6 35. Qb3 Nd3+ 36. Kc3 Qe1+ 37. Kd4 Nc1+ 0-1

[Event "Mitropa Cup 25th"]
[Site "Brno"]
[Date "2006.09.09"]
[Round "3.5"]
[White "Brkic, Ante"]
[Black "Polak, Tomas"]
[Result "1-0"]
[WhiteElo "2547"]
[BlackElo "2473"]
[PlyCount "83"]
[EventDate "2006.09.07"]
[EventType "team-tourn"]
[EventRounds "9"]
[EventCountry "CZE"]
[Source "ChessBase"]
[SourceDate "2006.11.03"]
[WhiteTeam "Croatia"]
[BlackTeam "Czech Republic"]
[WhiteTeamCountry "CRO"]
[BlackTeamCountry "CZE"]

1. e4 e5 2. Nf3 Nf6 3. Nxe5 d6 4. Nf3 Nxe4 5. d4 d5 6. Bd3 Be7 7. O-O Nc6 8. c4
Nb4 9. cxd5 Nxd3 10. Qxd3 Qxd5 11. Re1 Bf5 12. Nc3 Nxc3 13. Qxc3 Be6 14. Re5
Qd7 15. d5 Bxd5 16. Rxe7+ Qxe7 17. Bg5 f6 18. Re1 Bxf3 19. Rxe7+ Kxe7 20. Qe3+
Kd7 21. Qxf3 fxg5 22. Qd5+ Kc8 23. Qf5+ Kb8 24. Qxg5 g6 25. Qe5 Rc8 26. Qg7 a5
27. Qxh7 Ra6 28. h4 Rb6 29. Qg7 Re8 30. Kf1 Rd8 31. g4 Rd2 32. h5 gxh5 33. gxh5
Rdd6 34. Kg2 a4 35. a3 Rb5 36. Qe7 Ka7 37. Kh3 Rxb2 38. Qxc7 Rd5 39. Qc4 Rg5
40. Qxa4+ Kb8 41. Qf4+ Kc8 42. Qxg5 1-0

[Event "Mitropa Cup 25th"]
[Site "Brno"]
[Date "2006.09.09"]
[Round "3.5"]
[White "Cvek, Robert"]
[Black "Jankovic, Alojzije"]
[Result "1-0"]
[WhiteElo "2509"]
[BlackElo "2525"]
[PlyCount "105"]
[EventDate "2006.09.07"]
[EventType "team-tourn"]
[EventRounds "9"]
[EventCountry "CZE"]
[Source "ChessBase"]
[SourceDate "2006.11.03"]
[WhiteTeam "Czech Republic"]
[BlackTeam "Croatia"]
[WhiteTeamCountry "CZE"]
[BlackTeamCountry "CRO"]

1. e4 c5 2. Nf3 d6 3. d4 cxd4 4. Nxd4 Nf6 5. Nc3 Nc6 6. Bg5 e6 7. Qd2 a6 8.
O-O-O Bd7 9. f3 h6 10. Be3 b5 11. Nxc6 Bxc6 12. Kb1 Qc7 13. Bd3 Be7 14. h4 d5
15. exd5 Nxd5 16. Nxd5 Bxd5 17. f4 Bf6 18. f5 O-O 19. Bg5 Qe5 20. Bxf6 Qxf6 21.
fxe6 fxe6 22. h5 Qf4 23. Qa5 Bxg2 24. Rhg1 Bf3 25. Rde1 e5 26. Qc7 Rf7 27. Qxe5
Qxe5 28. Rxe5 Kf8 29. Bg6 Rf6 30. Rge1 Bc6 31. b3 Rd8 32. Kb2 Rc8 33. Re7 Ra8
34. Rc7 Be8 35. Bxe8 Rxe8 36. Rxe8+ Kxe8 37. Rxg7 Rf5 38. Rg6 Rxh5 39. Rxa6 Kd7
40. Ka3 Rh4 41. Rb6 b4+ 42. Ka4 Kc7 43. Rg6 h5 44. Rh6 Kb7 45. a3 bxa3+ 46.
Kxa3 Kc7 47. c4 Rh1 48. Ka4 h4 49. Kb5 h3 50. b4 h2 51. Rh7+ Kc8 52. c5 Kd8 53.
c6 1-0

[Event "Mitropa Cup 25th"]
[Site "Brno"]
[Date "2006.09.09"]
[Round "3.5"]
[White "Kalod, Radek"]
[Black "Saric, Ante"]
[Result "1/2-1/2"]
[WhiteElo "2512"]
[BlackElo "2475"]
[PlyCount "65"]
[EventDate "2006.09.07"]
[EventType "team-tourn"]
[EventRounds "9"]
[EventCountry "CZE"]
[Source "ChessBase"]
[SourceDate "2006.11.03"]
[WhiteTeam "Czech Republic"]
[BlackTeam "Croatia"]
[WhiteTeamCountry "CZE"]
[BlackTeamCountry "CRO"]

1. e4 e5 2. Nf3 Nf6 3. Nxe5 d6 4. Nc4 Nxe4 5. Qe2 Qe7 6. d4 b6 7. f3 Nf6 8. Bg5
Qxe2+ 9. Bxe2 Be7 10. a4 h6 11. Bh4 Nc6 12. c3 Nd5 13. Bf2 a5 14. Nba3 Be6 15.
g3 O-O-O 16. O-O-O Nf6 17. Nc2 Rhe8 18. Rhe1 Bf8 19. Bd3 Bd7 20. N2e3 Ne7 21.
Bc2 Bc6 22. Nd2 Ned5 23. Nec4 Rxe1 24. Rxe1 Re8 25. Kd1 Rxe1+ 26. Kxe1 Ne7 27.
Ke2 Ne8 28. Ne3 d5 29. h4 Bd7 30. Ndf1 h5 31. Be1 Nd6 32. Bd2 Be6 33. Bc1
1/2-1/2

[Event "Mitropa Cup 25th"]
[Site "Brno"]
[Date "2006.09.09"]
[Round "3.5"]
[White "Saric, Ivan"]
[Black "Cech, Pavel"]
[Result "1-0"]
[WhiteElo "2394"]
[BlackElo "2417"]
[PlyCount "75"]
[EventDate "2006.09.07"]
[EventType "team-tourn"]
[EventRounds "9"]
[EventCountry "CZE"]
[Source "ChessBase"]
[SourceDate "2006.11.03"]
[WhiteTeam "Croatia"]
[BlackTeam "Czech Republic"]
[WhiteTeamCountry "CRO"]
[BlackTeamCountry "CZE"]

1. e4 e6 2. d4 d5 3. Nc3 dxe4 4. Nxe4 Nd7 5. Nf3 Ngf6 6. Bd3 Nxe4 7. Bxe4 Nf6
8. Bg5 Be7 9. Bxf6 Bxf6 10. Qd3 Qd6 11. O-O-O h6 12. Ne5 O-O 13. f4 c5 14. Qg3
Be7 15. dxc5 Qxc5 16. Rd3 f5 17. Bf3 Bf6 18. Re1 a5 19. Bh5 a4 20. a3 b5 21.
Qe3 Qxe3+ 22. Rexe3 Ra7 23. Bf3 Rc7 24. g3 Rd8 25. Rxd8+ Bxd8 26. Bc6 g5 27.
Bxb5 Rg7 28. Rc3 Bb7 29. Bd7 gxf4 30. Bxe6+ Kf8 31. Bxf5 Bg5 32. Kb1 fxg3 33.
Rxg3 Rc7 34. h4 Bf6 35. Nd7+ Kf7 36. Nxf6 Kxf6 37. Bd3 Ke5 38. Rg4 1-0